[Event "OLNW 1920 SV Hellern - HSK Lister Turm"]
[Site "?"]
[Date "2020.01.19"]
[Round "5.3"]
[White "Nuesken, Nikolas"]
[Black "Boettcher, Christian"]
[Result "0-1"]
[WhiteElo "2325"]
[BlackElo "2182"]
[PlyCount "66"]
[EventDate "2020.??.??"]
[EventType "team-tourn"]

1. d4 f5 2. Bf4 Nf6 3. e3 e6 4. Nf3 Be7 5. Bd3 O-O 6. h3 d5 7. g4 c5 8. dxc5
Qa5+ 9. Nbd2 Qxc5 10. Nb3 Qb6 11. gxf5 exf5 12. Rg1 Nc6 13. Bh6 Rf7 14. Qe2 Bd7
15. c3 Ne4 16. Bf4 Bf6 17. Nfd4 Ne5 18. Rd1 a5 19. f3 Bh4+ 20. Kf1 Nxd3 21.
Rxd3 Nf2 22. Rd2 Nxh3 23. Qh2 Qa6+ 24. Kg2 Nxf4+ 25. Qxf4 Be7 26. Ne2 a4 27.
Nbd4 Bd6 28. Qg5 Be7 29. Qh5 Rf6 30. Qh2 Bd6 31. Qh4 Rh6 32. Qe1 Rh2+ 33. Kf1
f4 0-1

[Event "OLNW 1920 SV Hellern - HSK Lister Turm"]
[Site "?"]
[Date "2020.01.19"]
[Round "5.4"]
[White "Stock, Joerg"]
[Black "Buchenau, Frank"]
[Result "0-1"]
[WhiteElo "2214"]
[BlackElo "2269"]
[PlyCount "118"]
[EventDate "2020.??.??"]
[EventType "team-tourn"]

1. e4 e6 2. d4 d5 3. Nd2 Nf6 4. e5 Nfd7 5. Bd3 c5 6. c3 b6 7. Ngf3 Ba6 8. Bxa6
Nxa6 9. Qe2 Nc7 10. O-O Be7 11. c4 O-O 12. b3 Qb8 13. Bb2 Qb7 14. Rfd1 Rfd8 15.
Rac1 Rac8 16. g3 b5 17. cxd5 Nxd5 18. dxc5 Nxc5 19. Bd4 h6 20. Bxc5 Bxc5 21.
Ne4 Ba3 22. Rxc8 Rxc8 23. Nd4 a6 24. Nc2 Be7 25. Nd4 Qc7 26. f4 Bc5 27. Kg2
Bxd4 28. Rxd4 Qc1 29. Kh3 Qb1 30. Rd1 Rc2 31. Rxb1 Rxe2 32. Nd6 Rxa2 33. Rc1
Rb2 34. Rc8+ Kh7 35. Nxf7 Rxb3 36. Kg4 Rc3 37. Ra8 Ne3+ 38. Kh3 Rc6 39. Nd6 Nf5
40. Ne8 b4 41. Rb8 a5 42. Rb5 Kg6 43. Rxa5 Kf7 44. Nd6+ Nxd6 45. Ra7+ Kg6 46.
exd6 Rxd6 47. Rb7 Rd4 48. Kg4 Kf6 49. Kf3 Rd3+ 50. Ke4 Rb3 51. g4 Rb1 52. h4 b3
53. Kf3 b2 54. Kg2 h5 55. g5+ Kf5 56. Rb4 Kg4 57. Kh2 Kxh4 58. f5+ Kxg5 59.
fxe6 Kf6 0-1

[Event "OLNW 1920 SV Hellern - HSK Lister Turm"]
[Site "?"]
[Date "2020.01.19"]
[Round "5.5"]
[White "Hampel, Felix"]
[Black "Happe, Reinhold"]
[Result "1-0"]
[WhiteElo "2288"]
[BlackElo "2128"]
[PlyCount "101"]
[EventDate "2020.??.??"]
[EventType "team-tourn"]

1. c4 e6 2. Nf3 d5 3. d4 Nf6 4. g3 Bb4+ 5. Nbd2 O-O 6. Bg2 c5 7. cxd5 exd5 8.
a3 Bxd2+ 9. Bxd2 c4 10. Ne5 Nc6 11. Bc3 Bf5 12. Nxc6 bxc6 13. O-O Re8 14. Re1
Ne4 15. Rc1 Qb6 16. Qa4 Rab8 17. e3 a6 18. f3 Nxc3 19. bxc3 Qb5 20. Qb4 Bd3 21.
e4 dxe4 22. fxe4 Qg5 23. Qd6 Rb2 24. Qxc6 Reb8 25. e5 Re2 26. Qf3 Qd2 27. Rf1
Rxg2+ 28. Qxg2 Qxg2+ 29. Kxg2 Bxf1+ 30. Rxf1 Rb2+ 31. Rf2 Rb3 32. Rc2 Rxa3 33.
Kf3 Kf8 34. Ke4 Ke7 35. Kd5 f6 36. exf6+ Kxf6 37. Kxc4 Ke6 38. d5+ Kd6 39. Kd4
Ra1 40. Rd2 a5 41. c4 a4 42. c5+ Kd7 43. d6 Kc6 44. Kc4 Rc1+ 45. Kb4 Kd7 46.
Rd5 Rb1+ 47. Kxa4 Rb8 48. Rd4 Kc6 49. d7 Rd8 50. Kb4 g5 51. g4 1-0

[Event "OLNW 1920 SV Hellern - HSK Lister Turm"]
[Site "?"]
[Date "2020.01.19"]
[Round "5.6"]
[White "Lewin, Tammo"]
[Black "Virag, Attila Aba"]
[Result "1-0"]
[WhiteElo "2070"]
[BlackElo "2284"]
[PlyCount "93"]
[EventDate "2020.??.??"]
[EventType "team-tourn"]

1. d4 Nf6 2. c4 c5 3. d5 e6 4. Nc3 exd5 5. cxd5 d6 6. e4 g6 7. Nf3 Bg7 8. Bg5
O-O 9. Nd2 Nbd7 10. Be2 a6 11. a4 Ne5 12. h3 h6 13. Bh4 g5 14. Bg3 Nfd7 15. O-O
Qe7 16. Qc2 Ng6 17. Nc4 Nde5 18. Nb6 Rb8 19. Rae1 Nf4 20. Nxc8 Rfxc8 21. Nd1 b5
22. axb5 Nxe2+ 23. Rxe2 Rxb5 24. Ne3 Rcb8 25. Nf5 Qf6 26. Qa4 R8b6 27. f4 Ng6
28. fxg5 Qxg5 29. Bxd6 Rxd6 30. Nxd6 Bd4+ 31. Kh1 Nf4 32. Rc2 Nh5 33. Nf5 Ng3+
34. Nxg3 Qxg3 35. Qxa6 Rb8 36. Qe2 Kh8 37. Qf3 Qe5 38. Qf4 Bxb2 39. Qxe5+ Bxe5
40. Rxc5 Rb4 41. Rd1 Bf6 42. d6 Rb8 43. d7 Rd8 44. Rc8 Kg7 45. Rxd8 Bxd8 46. g4
Kf6 47. Kg2 1-0

[Event "OLNW 1920 SV Hellern - HSK Lister Turm"]
[Site "?"]
[Date "2020.01.19"]
[Round "5.7"]
[White "Voege, Tobias"]
[Black "Andre, Wolfgang"]
[Result "1-0"]
[WhiteElo "2314"]
[BlackElo "2191"]
[PlyCount "49"]
[EventDate "2020.??.??"]
[EventType "team-tourn"]

1. d4 Nf6 2. c4 g6 3. Nc3 d5 4. cxd5 Nxd5 5. e4 Nxc3 6. bxc3 Bg7 7. Bc4 c5 8.
Ne2 Nc6 9. Be3 O-O 10. O-O Na5 11. Bd3 b6 12. Qd2 e5 13. Bh6 cxd4 14. cxd4 exd4
15. Bxg7 Kxg7 16. f4 Be6 17. f5 Bc4 18. f6+ Kh8 19. Rf3 Rg8 20. Bxc4 Nxc4 21.
Qg5 Qe8 22. Rh3 Qxe4 23. Nf4 d3 24. Rxh7+ Kxh7 25. Qh4# 1-0

[Event "OLNW 1920 SV Hellern - HSK Lister Turm"]
[Site "?"]
[Date "2020.01.19"]
[Round "5.8"]
[White "Rein, Joachim"]
[Black "Hoerstmann, Rudi"]
[Result "0-1"]
[WhiteElo "1937"]
[BlackElo "2241"]
[PlyCount "86"]
[EventDate "2020.??.??"]
[EventType "team-tourn"]

1. d4 g6 2. e4 Bg7 3. f4 c5 4. c3 cxd4 5. cxd4 d5 6. e5 Nc6 7. Nc3 Nh6 8. Bb5
O-O 9. Nge2 Bg4 10. h3 Bxe2 11. Nxe2 Qa5+ 12. Nc3 Nf5 13. Bxc6 bxc6 14. O-O f6
15. Ne2 c5 16. exf6 Bxf6 17. dxc5 Qxc5+ 18. Kh2 Rfd8 19. Qd3 Rac8 20. Ng3 Qc2
21. Qf3 Nh4 22. Qf2 Qd3 23. Qe1 Rc2 24. Rf2 Rxf2 25. Qxf2 Rc8 26. Bd2 Rc2 27.
Nf1 Rxb2 28. Rc1 Nf5 29. Qe1 Nd4 30. Kh1 Ne2 31. Rd1 Qe4 32. Ng3 Nxg3+ 33. Qxg3
Rxa2 34. Re1 Qf5 35. Bc1 Ra1 36. Qb3 Kg7 37. Qe3 Qc2 38. Kh2 d4 39. Qd2 Qxd2
40. Bxd2 Rxe1 41. Bxe1 Kf7 42. Kg3 Ke6 43. Kf3 Kd5 0-1

[Event "OLNW 1920 HSK Lister Turm - SK Nordhorn"]
[Site "?"]
[Date "2020.02.09"]
[Round "6.1"]
[White "Kroeze, Frank"]
[Black "Schneider, Ilja"]
[Result "1/2-1/2"]
[WhiteElo "2389"]
[BlackElo "2487"]
[PlyCount "80"]
[EventDate "2020.??.??"]
[EventType "team-tourn"]

1. e4 c6 2. d4 d5 3. exd5 cxd5 4. c4 Nf6 5. Nc3 Nc6 6. Bg5 Ne4 7. Nxe4 dxe4 8.
d5 Ne5 9. Qd4 f6 10. Qxe4 Qb6 11. O-O-O Qxf2 12. Be3 Bf5 13. Bxf2 Bxe4 14. Rd4
f5 15. Bg3 Nd7 16. Nf3 g6 17. Ng5 Bh6 18. h4 e5 19. dxe6 Nc5 20. Be5 O-O 21.
Kd1 Rae8 22. Bd6 Bxg5 23. Bxc5 Be7 24. Bd6 Bxd6 25. Rxd6 Rf6 26. c5 Kg7 27.
Rd7+ Kh6 28. Bc4 Bxg2 29. Re1 Bc6 30. Rc7 f4 31. Ke2 f3+ 32. Kf2 Rf4 33. Ba6
Rxh4 34. Kg3 f2 35. Rf1 Rh1 36. Rxf2 Rxe6 37. Bxb7 Rg1+ 38. Kh2 Rh1+ 39. Kg3
Rg1+ 40. Kh2 Rh1+ 1/2-1/2

[Event "OLNW 1920 HSK Lister Turm - SK Nordhorn"]
[Site "?"]
[Date "2020.02.09"]
[Round "6.2"]
[White "Walter, Stefan"]
[Black "Stotyn, Fabian"]
[Result "1-0"]
[WhiteElo "2387"]
[BlackElo "2202"]
[PlyCount "113"]
[EventDate "2020.??.??"]
[EventType "team-tourn"]

1. Nf3 d5 2. e3 Nf6 3. c4 c6 4. Nc3 a6 5. b3 Bg4 6. Be2 Bxf3 7. Bxf3 e5 8. Bb2
e4 9. Be2 Nbd7 10. Qc2 Bd6 11. d3 Qe7 12. Rd1 O-O 13. O-O exd3 14. Qxd3 Ne5 15.
Qd4 Rad8 16. cxd5 Ng6 17. Bf3 Be5 18. Qa4 cxd5 19. Ba3 Qe6 20. Bxf8 Bxc3 21.
Bc5 b5 22. Qa3 Nh4 23. Be2 a5 24. Bd4 Ne4 25. g3 Bb4 26. Qb2 Qg6 27. Kh1 Nf5
28. Bf3 h5 29. Be5 Ne7 30. Qe2 Ng5 31. Bg2 Qf5 32. Bb2 Ne4 33. f3 Nd6 34. e4
Qe6 35. a3 Bc5 36. Qc2 Bb6 37. Rfe1 dxe4 38. fxe4 Rc8 39. Qd3 Ne8 40. Qxb5 h4
41. gxh4 Ng6 42. Rc1 Rxc1 43. Rxc1 Nxh4 44. Qc6 Qg4 45. e5 Nc7 46. Qe4 Qh5 47.
Bh3 Qg5 48. Rf1 Ne6 49. Bc1 Qd8 50. b4 axb4 51. axb4 Nd4 52. Be3 Nhf3 53. Rxf3
Nxf3 54. Qxf3 Qd3 55. Qa8+ Bd8 56. Bg1 Kh7 57. Bg2 1-0

[Event "OLNW 1920 HSK Lister Turm - SK Nordhorn"]
[Site "?"]
[Date "2020.02.09"]
[Round "6.3"]
[White "Oehne, Timo"]
[Black "Buchenau, Frank"]
[Result "1/2-1/2"]
[WhiteElo "2099"]
[BlackElo "2277"]
[PlyCount "92"]
[EventDate "2020.??.??"]
[EventType "team-tourn"]

1. e4 e6 2. d4 d5 3. Nc3 Nf6 4. Bg5 dxe4 5. Nxe4 Be7 6. Nxf6+ Bxf6 7. Bxf6 Qxf6
8. Nf3 c5 9. Bb5+ Bd7 10. Bxd7+ Nxd7 11. O-O Rd8 12. c3 O-O 13. Qb3 cxd4 14.
Qxb7 dxc3 15. bxc3 Qxc3 16. Qxa7 Qc5 17. Qb7 Nf6 18. Rfc1 Qa3 19. Qb3 Qa5 20.
a4 Rd5 21. g3 h6 22. Rc4 Rfd8 23. Kg2 Qa8 24. Qb6 R5d6 25. Qb5 Ne4 26. Ra3 Nd2
27. Rcc3 Rb8 28. Qe5 Rd5 29. Qc7 Rf5 30. h3 g5 31. Rd3 Nxf3 32. Rxf3 Rc8 33.
Qd7 h5 34. g4 hxg4 35. hxg4 Rf4 36. Kg3 Rcc4 37. Rxf4 gxf4+ 38. Kh4 Qh1+ 39.
Rh3 Qa8 40. Kg5 Qf8 41. Rh5 Kg7 42. Kh4 Qa8 43. f3 Qxf3 44. Rg5+ Kh6 45. Rh5+
Kg6 46. Rg5+ Kh6 1/2-1/2

[Event "OLNW 1920 HSK Lister Turm - SK Nordhorn"]
[Site "?"]
[Date "2020.02.09"]
[Round "6.4"]
[White "Hampel, Felix"]
[Black "Schulz, Jens"]
[Result "1-0"]
[WhiteElo "2288"]
[BlackElo "2195"]
[PlyCount "77"]
[EventDate "2020.??.??"]
[EventType "team-tourn"]

1. c4 Nf6 2. Nf3 e6 3. d4 b6 4. g3 Bb4+ 5. Bd2 Be7 6. Bg2 Ba6 7. b3 c6 8. O-O
d5 9. Qc2 O-O 10. Bg5 Nbd7 11. Nbd2 h6 12. Bxf6 Nxf6 13. e4 Rc8 14. Rfd1 Bb7
15. c5 bxc5 16. dxc5 Nd7 17. b4 a5 18. a3 Bf6 19. Ra2 Ba6 20. Nb3 Bc4 21. Bf1
Bxb3 22. Qxb3 axb4 23. axb4 Ra8 24. exd5 exd5 25. Rdd2 Qc7 26. Rac2 Rfb8 27. b5
cxb5 28. Rxd5 b4 29. c6 Nb6 30. Rd3 Bc3 31. Nd4 Ra3 32. Nb5 Rxb3 33. Nxc7 Rc8
34. Nb5 Rb2 35. Rxb2 Bxb2 36. c7 Be5 37. Rd8+ Kh7 38. Rxc8 Nxc8 39. Bh3 1-0

[Event "OLNW 1920 HSK Lister Turm - SK Nordhorn"]
[Site "?"]
[Date "2020.02.09"]
[Round "6.5"]
[White "Plasman, Hans"]
[Black "Schulze, Torben"]
[Result "0-1"]
[WhiteElo "2043"]
[BlackElo "2272"]
[PlyCount "80"]
[EventDate "2020.??.??"]
[EventType "team-tourn"]

1. Nf3 c5 2. c4 g6 3. e4 Bg7 4. d4 d6 5. Nc3 Nc6 6. d5 Nd4 7. h3 e5 8. dxe6
fxe6 9. Bd3 Ne7 10. Nxd4 cxd4 11. Ne2 O-O 12. O-O e5 13. Bd2 Be6 14. Kh2 Rf7
15. Bg5 Qd7 16. Qd2 Raf8 17. Ng1 Kh8 18. a4 Ng8 19. a5 h6 20. Bh4 g5 21. Bg3 g4
22. hxg4 Bxg4 23. f3 Be6 24. b4 h5 25. Bh4 Bh6 26. Bg5 Bxg5 27. Qxg5 Rg7 28.
Qd2 Qe7 29. g3 Nf6 30. Be2 Rfg8 31. Qe1 Nh7 32. Nh3 Rxg3 33. Qxg3 Rxg3 34. Kxg3
Bxh3 35. Kxh3 Ng5+ 36. Kg2 Ne6 37. Rh1 Qg5+ 38. Kf1 Nf4 39. Rg1 Qh4 40. Ra2 Qh2
0-1

[Event "OLNW 1920 HSK Lister Turm - SK Nordhorn"]
[Site "?"]
[Date "2020.02.09"]
[Round "6.6"]
[White "Virag, Attila Aba"]
[Black "Hoellmann, Ludger"]
[Result "1/2-1/2"]
[WhiteElo "2269"]
[BlackElo "2093"]
[PlyCount "37"]
[EventDate "2020.??.??"]
[EventType "team-tourn"]

1. e4 c6 2. d4 d5 3. e5 c5 4. c3 Nc6 5. Be2 Bf5 6. Nf3 e6 7. O-O Nge7 8. Na3
Bg4 9. Nc2 Nf5 10. Ne3 Bxf3 11. Bxf3 Nxe3 12. fxe3 Qb6 13. Kh1 Be7 14. Qd3 Rd8
15. Bd1 g6 16. b3 O-O 17. Bd2 f6 18. exf6 Bxf6 19. Bf3 {(=)} 1/2-1/2

[Event "OLNW 1920 HSK Lister Turm - SK Nordhorn"]
[Site "?"]
[Date "2020.02.09"]
[Round "6.7"]
[White "Bierenbroodspot, Paul"]
[Black "Voege, Tobias"]
[Result "1-0"]
[WhiteElo "2104"]
[BlackElo "2342"]
[PlyCount "63"]
[EventDate "2020.??.??"]
[EventType "team-tourn"]

1. d4 e6 2. Nc3 d5 3. Bf4 Nf6 4. e3 Be7 5. Bd3 O-O 6. g4 c5 7. dxc5 Nc6 8. g5
Nd7 9. h4 Nxc5 10. Nf3 f6 11. Bxh7+ Kxh7 12. Ne5 Nxe5 13. Qh5+ Kg8 14. Bxe5
fxg5 15. hxg5 Bxg5 16. Qh7+ Kf7 17. Qxg7+ Ke8 18. Rh7 Qe7 19. Qg6+ Kd8 20. Rxe7
Bxe7 21. O-O-O a5 22. e4 Ra6 23. exd5 exd5 24. Rxd5+ Bd7 25. Qg3 Ne6 26. Qd3
Nc5 27. Qd4 b6 28. Ne4 Ke8 29. Bd6 Ne6 30. Qe5 b5 31. Rxb5 Nc5 32. Qxe7# 1-0

[Event "OLNW 1920 HSK Lister Turm - SK Nordhorn"]
[Site "?"]
[Date "2020.02.09"]
[Round "6.8"]
[White "Polster, Christian"]
[Black "Brunner, Sophia"]
[Result "1-0"]
[WhiteElo "2237"]
[BlackElo "1885"]
[PlyCount "77"]
[EventDate "2020.??.??"]
[EventType "team-tourn"]

1. e4 e6 2. d4 d5 3. Nc3 Nf6 4. Bg5 Bb4 5. e5 h6 6. Be3 Ne4 7. Qg4 Kf8 8. Bd3
Nxc3 9. a3 Ba5 10. Bd2 c5 11. bxc3 c4 12. Bf1 Nc6 13. Kd1 f5 14. Qg3 Bd7 15. h4
Qb6 16. Kc1 Qb5 17. Ne2 Be8 18. Nf4 Bf7 19. Be2 Ne7 20. Bh5 Bxh5 21. Nxh5 g6
22. Nf4 Kf7 23. Qf3 h5 24. Nh3 Qc6 25. Bg5 Ng8 26. Nf4 Bd8 27. Qg3 Bxg5 28.
Qxg5 Rh6 29. f3 Qd7 30. g4 fxg4 31. fxg4 Qe7 32. gxh5 Qxg5 33. hxg5 Rxh5 34.
Nxh5 gxh5 35. Rxh5 Kg6 36. Rh2 Kxg5 37. Rg2+ Kf5 38. Kd2 Nh6 39. Rf1+ 1-0

[Event "OLNW 1920 MTV SK Lehrte"]
[Site "Tostedt"]
[Date "2020.02.09"]
[Round "6.1"]
[White "Schirm, Friedmar"]
[Black "Bokros, Albert"]
[Result "0-1"]
[WhiteElo "2265"]
[BlackElo "2476"]
[PlyCount "108"]
[EventDate "2020.??.??"]
[EventType "team-tourn"]
[EventCountry "GER"]

1. Nf3 d5 2. c4 e6 3. g3 Nf6 4. Bg2 dxc4 5. Qa4+ c6 6. Qxc4 b5 7. Qb3 Bb7 8.
O-O Nbd7 9. d4 a6 10. a4 Be7 11. Nc3 b4 12. Ne5 Nxe5 13. dxe5 Nd5 14. Ne4 O-O
15. Be3 Qa5 16. Bg5 Bxg5 17. Nxg5 Qc7 18. Qc2 g6 19. e4 Nb6 20. a5 Nd7 21. f4
c5 22. Rfc1 Rac8 23. Bf1 Nb8 24. Nf3 Rfd8 25. Nd2 Nc6 26. Nb3 Nd4 27. Qxc5 Qb8
28. Qxb4 Nc2 29. Rxc2 Rxc2 30. Qb6 Rxb2 31. Rc1 Bxe4 32. Qxb8 Rxb8 33. Nc5 Rc8
34. Bxa6 Rc7 35. Bf1 Ra2 36. a6 Bd5 37. Rc3 Rc6 38. Rc1 Ra5 39. Nb3 Rxc1 40.
Nxc1 Ra1 41. Ne2 Bc4 42. Kf2 Bxa6 43. h4 Ra3 44. Kg2 h5 45. Kf2 Kf8 46. Kg2 Ke7
47. Kf2 Kd7 48. Kg2 Kc7 49. Kf2 Kb6 50. Kg2 Kc5 51. Kf2 Bd3 52. Kg2 Kd5 53. Kf2
Bxe2 54. Bxe2 Ke4 0-1

[Event "OLNW 1920 MTV SK Lehrte"]
[Site "Tostedt"]
[Date "2020.02.09"]
[Round "6.2"]
[White "Varga, Zoltan"]
[Black "Stelmaszyk, Nico"]
[Result "1/2-1/2"]
[WhiteElo "2417"]
[BlackElo "2271"]
[PlyCount "144"]
[EventDate "2020.??.??"]
[EventType "team-tourn"]
[EventCountry "GER"]

1. e4 e5 2. Nf3 Nf6 3. Nc3 Bb4 4. Nxe5 Qe7 5. Nd3 Bxc3 6. dxc3 Qxe4+ 7. Qe2
Qxe2+ 8. Bxe2 O-O 9. Bg5 Ne4 10. Bh4 d5 11. f3 Nd6 12. Be7 Re8 13. Bxd6 cxd6
14. Nf4 Re5 15. Rd1 Bf5 16. Nxd5 Nc6 17. Rd2 Rd8 18. Kf2 Be6 19. Nf4 Kf8 20. h4
Ke7 21. a4 Rf5 22. g3 h6 23. h5 Rc5 24. Rhd1 Ne5 25. Nd5+ Bxd5 26. Rxd5 Rxd5
27. Rxd5 Rc8 28. f4 Nd7 29. Rd4 Nf6 30. Bf3 b6 31. Ke3 Kd7 32. g4 g6 33. hxg6
fxg6 34. Rd1 g5 35. Rh1 Rc4 36. Rxh6 Rxf4 37. b3 a5 38. Ke2 Nxg4 39. Rh7+ Kc8
40. Rg7 Ne5 41. Bb7+ Kd8 42. Bd5 g4 43. c4 Rf6 44. Be4 Rf7 45. Rg8+ Kc7 46. Ke3
Rd7 47. Bf5 Re7 48. Kf4 Rf7 49. Ke4 Nd7 50. Rg5 Ne5 51. Rg8 Nd7 52. Bxd7 Kxd7
53. Rxg4 Rf2 54. Kd3 Rh2 55. Re4 Rh3+ 56. Re3 Rh2 57. Kc3 Kc6 58. Rd3 Rg2 59.
Rd2 Rg3+ 60. Kb2 Rh3 61. Rg2 Rf3 62. c3 Rf4 63. Rd2 Rh4 64. Rg2 Rf4 65. b4 axb4
66. cxb4 Rxc4 67. Kb3 Rh4 68. Kc3 Kb7 69. Rg7+ Kc8 70. Re7 Rg4 71. Ra7 Rh4 72.
Rg7 Rf4 1/2-1/2

[Event "OLNW 1920 MTV SK Lehrte"]
[Site "Tostedt"]
[Date "2020.02.09"]
[Round "6.3"]
[White "Schruefer, Guenther"]
[Black "Szeberenyi, Adam"]
[Result "1/2-1/2"]
[WhiteElo "2212"]
[BlackElo "2374"]
[PlyCount "62"]
[EventDate "2020.??.??"]
[EventType "team-tourn"]
[EventCountry "GER"]

1. e4 c5 2. Nf3 e6 3. d4 cxd4 4. Nxd4 Bc5 5. Nb3 Bb6 6. g3 Ne7 7. Nc3 O-O 8.
Bg2 Nbc6 9. O-O a6 10. Qe2 d6 11. Be3 Bxe3 12. Qxe3 Qc7 13. Na4 b5 14. Nb6 Rb8
15. Nxc8 Rfxc8 16. Rac1 Ne5 17. c3 Nc4 18. Qe2 Qb6 19. a3 Rc7 20. Rfd1 a5 21.
h3 Rbc8 22. Kh2 e5 23. h4 Rf8 24. Rc2 a4 25. Nc1 Nc6 26. Nd3 Rfc8 27. Qg4 Re8
28. Qe2 Rec8 29. Qg4 Re8 30. Qe2 Qb8 31. Qg4 Qb6 1/2-1/2

[Event "OLNW 1920 MTV SK Lehrte"]
[Site "Tostedt"]
[Date "2020.02.09"]
[Round "6.5"]
[White "Zschischang, Marine"]
[Black "Hoegy, Kevin"]
[Result "1-0"]
[WhiteElo "2074"]
[BlackElo "2254"]
[PlyCount "89"]
[EventDate "2020.??.??"]
[EventType "team-tourn"]
[EventCountry "GER"]

1. d4 d5 2. c4 e6 3. Nc3 Nf6 4. Bg5 Be7 5. e3 h6 6. Bh4 O-O 7. Nf3 Ne4 8. Bxe7
Qxe7 9. cxd5 Nxc3 10. bxc3 exd5 11. Bd3 c5 12. O-O Nc6 13. dxc5 Qxc5 14. Qb3 b6
15. Rac1 Be6 16. Nd4 Rac8 17. h3 Rc7 18. Bb1 Nxd4 19. exd4 Qd6 20. Rfe1 Rfc8
21. Re3 Rc6 22. Qc2 g6 23. Rg3 R8c7 24. Qd2 Kg7 25. Re1 b5 26. Re5 b4 27. Rh5
Kf8 28. Rxh6 Ke8 29. Rh8+ Kd7 30. Bc2 bxc3 31. Qg5 Rc8 32. Rh7 Qe7 33. Qc1 Qb4
34. Qd1 Rc4 35. Rxg6 Rxd4 36. Qh5 Re8 37. Rxe6 Rxe6 38. Bf5 Kc6 39. Bxe6 fxe6
40. Qe8+ Kd6 41. Rd7+ Ke5 42. Qh5+ Ke4 43. Qe2+ Kf5 44. Rf7+ Kg5 45. Qe5+ 1-0

[Event "OLNW 1920 MTV SK Lehrte"]
[Site "Tostedt"]
[Date "2020.02.09"]
[Round "6.6"]
[White "Haerig, Wilfried"]
[Black "Zschischang, Gunnar"]
[Result "1/2-1/2"]
[WhiteElo "2167"]
[BlackElo "2103"]
[PlyCount "125"]
[EventDate "2020.??.??"]
[EventType "team-tourn"]
[EventCountry "GER"]

1. e4 c5 2. Nf3 e6 3. d4 cxd4 4. Nxd4 a6 5. Nc3 b5 6. a4 b4 7. Na2 Bb7 8. Bd3
Nc6 9. c3 Nxd4 10. cxd4 Nf6 11. e5 Nd5 12. O-O Qb6 13. Be3 Be7 14. Qg4 h5 15.
Qg3 O-O-O 16. a5 Qa7 17. Rac1+ Kb8 18. Rc4 g5 19. Bd2 h4 20. Qg4 f5 21. exf6
Nxf6 22. Qe2 d5 23. Rxb4 Bxb4 24. Nxb4 Ne4 25. Be3 Ka8 26. Bxe4 dxe4 27. d5 Qb8
28. Nxa6 Qd6 29. Bb6 Rc8 30. dxe6 Qd3 31. Nc7+ Rxc7 32. Qxd3 exd3 33. Bxc7 Re8
34. f4 Rxe6 35. fxg5 Re2 36. Rd1 Rxg2+ 37. Kf1 Rxg5 38. Kf2 Rg2+ 39. Ke3 Ba6
40. b4 Kb7 41. Be5 Kc6 42. Kf3 Rc2 43. Bf4 Kd5 44. Kg4 Kc4 45. Bd2 Bb7 46. Kxh4
Bf3 47. Rc1 Rxc1 48. Bxc1 Kxb4 49. Kg3 Bb7 50. Bd2+ Kb5 51. Kf4 Bc6 52. Ke3 Ka6
53. Kxd3 Bf3 54. Kd4 Kb7 55. Kc5 Ka6 56. Kd6 Kb7 57. Be3 Bh5 58. Bb6 Bf3 59. h4
Be2 60. Ke5 Bd1 61. Kf4 Be2 62. Kg5 Bf3 63. h5 1/2-1/2

[Event "OLNW 1920 MTV SK Lehrte"]
[Site "Tostedt"]
[Date "2020.02.09"]
[Round "6.7"]
[White "Kohlmann, Arndt"]
[Black "Krueger, Robin Kevin"]
[Result "1/2-1/2"]
[WhiteElo "2028"]
[BlackElo "2039"]
[PlyCount "39"]
[EventDate "2020.??.??"]
[EventType "team-tourn"]
[EventCountry "GER"]

1. e4 e5 2. Nf3 Nc6 3. Bc4 Bc5 4. O-O Nf6 5. d3 O-O 6. c3 d5 7. exd5 Nxd5 8.
Re1 Bg4 9. h3 Bh5 10. Nbd2 Nb6 11. Ne4 Nxc4 12. Nxc5 Nd6 13. Ne4 Nxe4 14. dxe4
Qxd1 15. Rxd1 Rfd8 16. Be3 f6 17. Kf1 b6 18. Rxd8+ Rxd8 19. Nd2 Bf7 20. Ke2 {
(=)} 1/2-1/2

[Event "OLNW 1920 MTV SK Lehrte"]
[Site "Tostedt"]
[Date "2020.02.09"]
[Round "6.8"]
[White "Feist, Mathias"]
[Black "Reimer, Philip"]
[Result "1/2-1/2"]
[WhiteElo "2073"]
[BlackElo "1979"]
[PlyCount "47"]
[EventDate "2020.??.??"]
[EventType "team-tourn"]
[EventCountry "GER"]

1. d4 Nf6 2. Nf3 e6 3. Bg5 d5 4. e3 c5 5. c3 Nc6 6. Nbd2 Be7 7. Bd3 O-O 8. O-O
Nd7 9. Bf4 f5 10. c4 g5 11. Be5 g4 12. cxd5 exd5 13. Qb3 Ndxe5 14. Nxe5 Nxe5
15. dxe5 c4 16. Nxc4 dxc4 17. Bxc4+ Kh8 18. Rfd1 Qe8 19. Rd4 Bc5 20. Rd5 b6 21.
Rad1 Be6 22. Rxc5 bxc5 23. Bxe6 Rd8 24. Rd6 {(=)} 1/2-1/2

[Event "OLNW 1920 SF SK Union Oldenb"]
[Site "Hannover"]
[Date "2020.02.09"]
[Round "6.1"]
[White "Breutigam, Martin"]
[Black "Ackermann, Dennie"]
[Result "1-0"]
[WhiteElo "2383"]
[BlackElo "2126"]
[PlyCount "39"]
[EventDate "2020.??.??"]
[EventType "team-tourn"]
[EventCountry "GER"]

1. d4 d5 2. Nf3 Nf6 3. e3 e6 4. Bd3 Bd6 5. O-O O-O 6. b3 Nbd7 7. Bb2 c5 8. Nbd2
Qc7 9. c4 b6 10. Rc1 Bb7 11. b4 Rac8 12. cxd5 exd5 13. bxc5 bxc5 14. dxc5 Nxc5
15. Bf5 Rcd8 16. Bxf6 gxf6 17. Nd4 Bc8 18. Qh5 Bxf5 19. Nxf5 Kh8 20. Qh6 1-0

[Event "OLNW 1920 SF SK Union Oldenb"]
[Site "Hannover"]
[Date "2020.02.09"]
[Round "6.2"]
[White "Pubantz, Jan"]
[Black "Meessen, Max"]
[Result "1/2-1/2"]
[WhiteElo "2309"]
[BlackElo "2181"]
[PlyCount "151"]
[EventDate "2020.??.??"]
[EventType "team-tourn"]
[EventCountry "GER"]

1. d4 d5 2. c4 e6 3. Nf3 Nf6 4. g3 Be7 5. Bg2 O-O 6. Nc3 Nbd7 7. O-O dxc4 8. e4
b5 9. e5 Nd5 10. Nxb5 Bb7 11. Nd2 Rb8 12. Qe2 N7b6 13. a4 Nxa4 14. Nxa7 Nxb2
15. Nxc4 Nxc4 16. Qxc4 Nb6 17. Qc3 Bxg2 18. Kxg2 c5 19. Nc6 cxd4 20. Qf3 Qe8
21. Nxe7+ Qxe7 22. Ba3 Qd7 23. Bxf8 Rxf8 24. Rfd1 Nc4 25. Qe4 Qc7 26. Rxd4 Nxe5
27. Rb1 Qc6 28. Qxc6 Nxc6 29. Rd7 Ne5 30. Rc7 Ng4 31. h3 Nf6 32. f4 h5 33. Ra7
g6 34. Rbb7 Nd5 35. Kf3 Kg7 36. Ke4 Nf6+ 37. Ke5 Ng8 38. Ra6 Re8 39. Raa7 Rf8
40. Rd7 Nh6 41. Ra6 Re8 42. Rc6 Ng8 43. Rcc7 Rf8 44. Ra7 Nh6 45. Ra6 Re8 46.
Rb7 Ng8 47. Raa7 Rf8 48. g4 hxg4 49. hxg4 Nf6 50. g5 Nd5 51. Ra3 Re8 52. Rh3
Ne7 53. Rb2 Ra8 54. Kd6 Nf5+ 55. Kc7 Ra7+ 56. Kc6 Ra6+ 57. Kb5 Ra1 58. Rbh2 Kf8
59. Rh8+ Ke7 60. Rf2 Nd6+ 61. Kb4 Rb1+ 62. Ka4 Rc1 63. Kb3 Rc8 64. Rxc8 Nxc8
65. Kc4 Nb6+ 66. Kd4 Nd5 67. Ke5 Kf8 68. Ra2 Kg7 69. Ra8 Kh7 70. Rd8 Kg7 71.
Rd7 Kf8 72. Rd8+ Kg7 73. Rxd5 exd5 74. Kxd5 Kf8 75. Ke5 Ke7 76. f5 1/2-1/2

[Event "OLNW 1920 SF SK Union Oldenb"]
[Site "Hannover"]
[Date "2020.02.09"]
[Round "6.3"]
[White "Mueer, Sebastian"]
[Black "Kaimer, Thomas"]
[Result "1-0"]
[WhiteElo "2208"]
[BlackElo "2154"]
[PlyCount "77"]
[EventDate "2020.??.??"]
[EventType "team-tourn"]
[EventCountry "GER"]

1. Nf3 Nf6 2. c4 g6 3. Nc3 c5 4. g3 Bg7 5. d4 cxd4 6. Nxd4 O-O 7. Bg2 Nc6 8.
O-O Nxd4 9. Qxd4 d6 10. Qd3 Nd7 11. b3 Nc5 12. Qd2 Bd7 13. Bb2 Bc6 14. e4 Bxc3
15. Qxc3 f6 16. Rfe1 a5 17. Rad1 Qc7 18. Qe3 e5 19. h4 Rad8 20. Rd2 b6 21. h5
Be8 22. hxg6 hxg6 23. Bf3 Kg7 24. Kg2 Rh8 25. Rdd1 Bc6 26. Rh1 Qe7 27. a3 g5
28. b4 axb4 29. axb4 Na4 30. Ba3 b5 31. cxb5 Rxh1 32. bxc6 Rhh8 33. Bg4 Qc7 34.
b5 Nb6 35. Bxd6 Rxd6 36. Rxd6 Nc4 37. Rd7+ Qxd7 38. Bxd7 Nxe3+ 39. fxe3 1-0

[Event "OLNW 1920 SF SK Union Oldenb"]
[Site "Hannover"]
[Date "2020.02.09"]
[Round "6.5"]
[White "Wagner, Jan"]
[Black "Edel, Thomas"]
[Result "1/2-1/2"]
[WhiteElo "2173"]
[BlackElo "2071"]
[PlyCount "72"]
[EventDate "2020.??.??"]
[EventType "team-tourn"]
[EventCountry "GER"]

1. Nf3 d5 2. c4 c6 3. e3 Nf6 4. Nc3 a6 5. b3 Bf5 6. Be2 e6 7. O-O Bd6 8. Bb2
Nbd7 9. Nd4 Bg6 10. f4 c5 11. Nf3 d4 12. exd4 Bxf4 13. Na4 cxd4 14. Bxd4 Qc7
15. Qe1 O-O 16. g3 Bh6 17. Nh4 Be4 18. d3 Bc6 19. Qf2 b5 20. Nc5 e5 21. Nxd7
Nxd7 22. Be3 Bxe3 23. Qxe3 Qa7 24. Qxa7 Rxa7 25. Nf5 Nb8 26. d4 g6 27. d5 gxf5
28. dxc6 Nxc6 29. cxb5 axb5 30. Bxb5 Nd4 31. Bc4 Kg7 32. a4 Rb8 33. Rad1 f6 34.
Rf2 Rb4 35. Rxd4 exd4 36. Rxf5 Rxc4 1/2-1/2